00000000nam 2200000zi 4500
0019.939501
003CaOODSP
00520250120150222
006m     o  d f      
007cr |n|||||||||
008240619s1987    onc     o    f000 0|eng d
040 |aCaOODSP|beng|erda|cCaOODSP
043 |an-cn---
0861 |aCo22-749/1987E-PDF
24500|aJoint endeavour agreement between the federal government and Telesat Canada concerning co-operation on the MSAT program.
264 1|a[Ottawa] : |bGovernment of Canada, Department of Communications = Gouvernement du Canada, Ministère des communications, |c[1987]
300 |a1 online resource (22 pages)
336 |atext|btxt|2rdacontent
337 |acomputer|bc|2rdamedia
338 |aonline resource|bcr|2rdacarrier
500 |aDigitized edition from print [produced by Innovation, Science and Economic Development Canada].
500 |aIssued also in French under title: Entente de coopération entre le gouvernement fédéral et Télésat Canada concernant le programme MSAT.
650 0|aArtificial satellites in telecommunication|xGovernment policy|zCanada.
7101 |aCanada. |bDepartment of Communications, |eissuing body.
77508|tEntente de coopération entre le gouvernement fédéral et Télésat Canada concernant le programme MSAT.|w(CaOODSP)9.947150
85640|qPDF|s923 KB|uhttps://publications.gc.ca/collections/collection_2025/isde-ised/co22/Co22-749-1987-eng.pdf